00700nam a2200217Ia 4500003000900000008004100009020001600050040001600066080001700082100003000099245005100129260003800180300001500218490003100233650004100264650001800305650001600323942000700339999001500346952012100361IN-BaIIA211028s9999 xx 000 0 eng d a356-02261-7 cIIA Library a53(091)bWES aWestfall, Richard S97063 0aForce in Newton's physicscRichard S. Westfall aNew YorkbAmerican Elsevierc1971 axii, 579p. aHistory of science library aAstronomy and astrophysics thesaurus aHistory97064 aPhysics973 cBK c3996d3996 00104070aBANbBANcGENd1972-08-10g238.05l0o53(091)/ WESp4458r2021-11-05v238.05w1972-08-10yBKGRs. 238.05